| 000 | 01066nam a2200265Ia 4500 | ||
|---|---|---|---|
| 003 | OSt | ||
| 005 | 20221005105036.0 | ||
| 006 | a|||||r|||| 00| 0 | ||
| 007 | ta | ||
| 008 | 221004b |||||||| |||| 00| 0 hin d | ||
| 020 | _c250 | ||
| 024 | _a97325 | ||
| 037 |
_b1241A, 02/03/2009, Pioneer Books Distributors _cTextual |
||
| 040 |
_aCRL _cCRL _bhin |
||
| 041 |
_2hin _ahin |
||
| 082 | _aW6xNK0, 152P5 | ||
| 100 | _aदुबे, अभय कुमार, संपा. | ||
| 245 | 0 |
_aराजनीति की किताब _b रजनी कोठारी का कृतित्व |
|
| 246 | _aRājanīti kī kitāba: rajanī koṭhārī kā kṛutitva | ||
| 260 |
_aदिल्ली _bस्वर्ण जयन्ती भारत _c2005 |
||
| 300 |
_a355पृ0 _ccm. |
||
| 490 | _aलोक - चिंतक ग्रंथमाला | ||
| 942 |
_hW6xNK0, 152P5 _cTEXL _2cc |
||
| 999 |
_c1014559 _d1014559 |
||